000 00549nam a22002057a 4500
003 OSt
005 20150707192825.0
008 150707b xxu||||| |||| 00| 0 eng d
020 _a9788122434323
040 _cDDC
082 _222nd ed.
_a541.3 ROH 2014
100 _aRohatgi-mukherjee K.K
_95501
245 _aFundamentals of photochemistry
250 _a3rd ed.
260 _aNew Delhi;
_bNew Age,
_c2014
300 _axvi,370p;
_bill:
_c23cm
504 _aBibliography, & index included
650 _aPhotochemistry
_95502
942 _2z
_cO_SHELF
999 _c2134
_d2134